000 00445cam a2200181ua 4500
020 _c1.50
041 _ahin
_h
082 _a891.54
_bGAN/GA
100 _aGanshyamdas bindala, .
245 _aGandhiji ki chatrachayamem /
_cGanshyamdas bindala.
_hTextual Documents
250 _a1 /
_b.
260 _a :
_bSatsahitya prakashan ,
_c1955.
300 _a416 ; .
365 _a1.50
504 _a
942 _cBK
999 _c3769
_d3769